| 000 | 00439pab a2200121 454500 | ||
|---|---|---|---|
| 008 | 180718b xxu||||| |||| 00| 0 eng d | ||
| 100 | _aDlamini, Musap | ||
| 245 | _aAdministrative reform and Civil Service in Swaziland: gap between promise and performance. | ||
| 650 | _a Administrative Reorganisation. Civil Service | ||
| 650 | _aAdministrative Reorganisation - Swaziland | ||
| 773 | _aIndian Journal of Public Administration | ||
| 909 | _a22820 | ||
| 999 |
_c22820 _d22820 |
||